| 000 | 00489nam a2200145 i 4500 | ||
|---|---|---|---|
| 001 | 84766 | ||
| 003 | ES-MaACL | ||
| 007 | t| | ||
| 008 | 041124s1975 sp ||||1| spa d | ||
| 100 | 1 |
_aJiménez Nieto, Juan Ignacio. _966578 |
|
| 245 | 1 | 0 |
_aTeoría general de la Administración _b: la ciencia administrativa a la luz del análisis sistemático / _cJuan Ignacio Jiménez Nieto. |
| 260 |
_aMadrid : _bTecnos, _c[1975] |
||
| 300 |
_a238 p. ; _c24 cm. |
||
| 852 |
_aES-MaACL _jE-8838 _bR.98008 |
||
| 999 |
_c84766 _d84766 |
||